One Lonely Night / The Big Kill / Kiss Me, Deadly /

Guardado en:
Detalles Bibliográficos
Autor principal: Spillane, Mickey (autor)
Formato: Libro
Idioma:Inglés
Publicado: Nueva York, EUA : Signet : New American Library, c1953-1956
Etiquetas: Agrega una etiqueta
Sin etiquetas, Sé el primero en etiquetar este registro!

MARC

LEADER 00000nam^a2200000^a^4500
001 000582466
005 20250521000000.0
009 20260310132630.803
037 |a Acervo ITESO - Biblioteca 
041 |a ING 
091 |a FAW. 01104 
100 |a Spillane, Mickey  |e (autor) 
245 1 0 |a One Lonely Night / The Big Kill / Kiss Me, Deadly / 
264 4 |a Nueva York, EUA :  |b Signet :  |b New American Library,  |c c1953-1956 
300 |a 158, 168, 159 p. 
336 |a texto  |b txt  |2 rdacontenido 
337 |a sin mediación  |b n  |2 rdamedio 
338 |a volumen  |b nc  |2 rdasoporte 
649 |a XX 
910 |a Fondo Adolfo J. Wriedt Kentzler 
920 |a Impresos - Libros 
930 |a Fondos Especiales 
940 |a Literatura 
905 |a 128 
901 |a 0500411479  |b IT2  |c ESP  |i D84972  |u 20250521 
902 |a https://opac.biblio.iteso.mx/vufind/Record/000582466